Kinematics and trajectory synthesis of manipulation robots /

Kaydedildi:
Detaylı Bibliyografya
Yazar: Vukobratović, Miomir
Diğer Yazarlar: Kirćanski, M. (Manja), 1954-
Materyal Türü: Kitap
Dil:English
Baskı/Yayın Bilgisi: Berlin ; New York : Springer-Verlag, c1986.
Seri Bilgileri:Communications and control engineering series
Scientific fundamentals of robotics ; 3
Konular:
LEADER 01238nam a2200325 a 4500
001 c000166444
003 CARM
005 20030624144235.0
008 851112s1986 wb a b 001 0 eng
010 |a 85027787 //r86 
019 1 |a 23904705  |z 40726470  |z 4217845  |5 LACONCORD2021 
020 |a 0387130713 (U.S.) 
035 |a (OCoLC)12947125  |5 LACONCORD2021 
040 |a LC  |b eng  |c LC  |d LC 
050 0 0 |a TJ211  |b .V839 1986 
082 0 4 |a 629.8/92  |2 19 
100 1 |a Vukobratović, Miomir,. 
245 1 0 |a Kinematics and trajectory synthesis of manipulation robots /  |c M. Vukobratović, M. Kirćanski. 
260 |a Berlin ;  |a New York :  |b Springer-Verlag,  |c c1986. 
300 |a x, 267 p. :  |b ill. ;  |c 25 cm. 
440 0 |a Communications and control engineering series 
440 0 |a Scientific fundamentals of robotics ;  |v 3 
500 |a Includes index. 
504 |a Bibliography: p. 258-264. 
650 0 |a Robotics. 
650 0 |a Machinery, Kinematics of. 
700 1 |a Kirćanski, M.  |q (Manja),  |d 1954- 
852 8 |b CARM  |h A2:AN27F0  |i C06026  |p 0230188  |f BK 
999 f f |i 1b5a035d-5ac6-5c60-b0d9-1ea5b6ad58f5  |s f28f0ec8-e70d-5dab-b527-186e33e9e224 
952 f f |p Can circulate  |a CAVAL  |b CAVAL  |c CAVAL  |d CARM 1 Store  |e C06026  |f A2:AN27F0  |h Other scheme  |i book  |m 0230188